000 00544nam a22001697a 4500
008 161001b xxu||||| |||| 00| 0 eng d
020 _a1433114472
040 _aKABU
_cKABU
050 _aML3916
_b.S84 2012 c. 1
100 _aSuhr, H. Cecilia
245 _aSocial media and music
_bthe digital field of cultural production
_cH. Cecilia Suhr
260 _aNew York
_bPeter Lang
_c2012
300 _axii, 139 p.
650 _aMusic
_xSocial aspects
650 _aSocial media
942 _2lcc
_cBK
_hML3916 .S84 2012 c. 1
999 _c16117
_d16117